书目信息 |
| 题名: |
舞蹈基础
|
|
| 作者: | 赵丽敏 主编 | |
| 分册: | ||
| 出版信息: | 镇江 江苏大学出版社 2018 |
|
| 页数: | 151页 | |
| 开本: | 26cm | |
| 丛书名: | ||
| 单 册: | ||
| 中图分类: | J722.3 , G613.5 | |
| 科图分类: | ||
| 主题词: | 儿童舞蹈--er tong wu dao--学前教育--教材 | |
| 电子资源: | ||
| ISBN: | 978-7-81130-801-3 | |
| 000 | 00978nam0 2200289 45 | |
| 001 | 012001000837 | |
| 005 | 20131025083358.0 | |
| 010 | @a978-7-81130-801-3@dCNY48.00 | |
| 092 | @aCN@bRTSD647-0653 | |
| 099 | @aCAL 012015007956 | |
| 100 | @a20150120d2014 em y0chiy50 ea | |
| 101 | 0 | @achi |
| 102 | @aCN@b320000 | |
| 105 | @aag z 000yy | |
| 106 | @ar | |
| 200 | 1 | @a舞蹈基础@Awu dao ji chu@f赵丽敏主编 |
| 210 | @a镇江@c江苏大学出版社@d2018 | |
| 215 | @a151页@c图@d26cm | |
| 300 | @a学前教育专业“十二五”规划教材 | |
| 330 | @a本书主要介绍了幼儿舞蹈的相关知识,全书共分为7章,具体内容包括幼儿舞蹈基础知识、幼儿舞蹈基础训练、民族民间舞、幼儿舞蹈创编的基础知识、幼儿舞蹈教学的基本知识、幼儿舞蹈教学教案和幼儿舞蹈欣赏。 | |
| 333 | @a舞蹈爱好者 | |
| 606 | 0 | @a儿童舞蹈@Aer tong wu dao@x学前教育@j教材 |
| 690 | @aJ722.3@v5 | |
| 690 | @aG613.5@v5 | |
| 701 | 0 | @a赵丽敏@Azhao li min@4主编 |
| 801 | 0 | @aCN@b江苏凤凰@c20191020 |
| 905 | @b1221527-30@dJ722.3@e246@f4 | |
| 舞蹈基础/赵丽敏主编.-镇江:江苏大学出版社,2018 |
| 151页:图;26cm |
| 学前教育专业“十二五”规划教材.-使用对象:舞蹈爱好者 |
| ISBN 978-7-81130-801-3:CNY48.00 |
| 本书主要介绍了幼儿舞蹈的相关知识,全书共分为7章,具体内容包括幼儿舞蹈基础知识、幼儿舞蹈基础训练、民族民间舞、幼儿舞蹈创编的基础知识、幼儿舞蹈教学的基本知识、幼儿舞蹈教学教案和幼儿舞蹈欣赏。 |
| ● |
| 相关链接 |
|
|
|
|
正题名:舞蹈基础
索取号:J722.3/246
 
预约/预借
| 序号 | 登录号 | 条形码 | 馆藏地/架位号 | 状态 | 备注 |
| 1 | 1221527 | 212215271 | 第一样本阅览室/ [索取号:J722.3/246] | 在馆 | |
| 2 | 1221528 | 212215280 | 教育系资料室/ [索取号:J722.3/246] | 在馆 | |
| 3 | 1221529 | 212215299 | 教育系资料室/ [索取号:J722.3/246] | 在馆 | |
| 4 | 1221530 | 212215306 | 第一借阅区/ [索取号:J722.3/246] | 在馆 |